Od Xenofonta k Lucasovi

Úvaha o význame štúdia dejín ekonomického myslenia na vysokých školách ekonomického zamerania. Recenzia na učebnicu Dejiny ekonomických teórií, ktorej autormi sú pracovníci Katedry všeobecnej ekonomickej teórie a hospodárskych dejín NHF EU v Bratislave.

Gespeichert in:
Bibliographische Detailangaben
1. Verfasser: Iša, Ján
Format: Buchkapitel
Sprache:Slowakisch
Schlagworte:
Tags: Tag hinzufügen
Keine Tags, Fügen Sie das erste Tag hinzu!

MARC

LEADER 00000naa$a2200000$$$4500
001 0111586
005 20240502072233.1
041 0 |a slo 
044 |a SK 
245 1 0 |a Od Xenofonta k Lucasovi  |c Ján Iša 
520 |a Úvaha o význame štúdia dejín ekonomického myslenia na vysokých školách ekonomického zamerania. Recenzia na učebnicu Dejiny ekonomických teórií, ktorej autormi sú pracovníci Katedry všeobecnej ekonomickej teórie a hospodárskych dejín NHF EU v Bratislave. 
610 2 0 |a dejiny teórií ekonomických 
610 2 0 |a myslenie ekonomické 
610 2 0 |a školy vysoké 
610 2 0 |a recenzie 
100 1 |a Iša, Ján